Pell de sargantana / (Record no. 136781)

MARC details
000 -CABECERA
campo de control de longitud fija 01467nam a22003254i 4500
001 - NÚMERO DE CONTROL
campo de control 991061509088606706
003 - IDENTIFICADOR DEL NÚMERO DE CONTROL
campo de control ES-BaIT
005 - FECHA Y HORA DE LA ÚLTIMA TRANSACCIÓN
campo de control 20251104111601.0
008 - DATOS DE LONGITUD FIJA--INFORMACIÓN GENERAL
campo de control de longitud fija 251029s2023 sp |||| |||| 0|0 d cat|c
017 ## - NÚMERO DE COPYRIGHT O DE DEPÓSITO LEGAL
Número de copyright o de depósito legal DL PM 817-2023
Agencia que asigna Oficina DL Palma de Mallorca
020 ## - NÚMERO INTERNACIONAL ESTÁNDAR DEL LIBRO
Número Internacional Estándar del Libro 9788418441844
040 ## - FUENTE DE LA CATALOGACIÓN
Centro catalogador/agencia de origen ES-BaIT
Lengua de catalogación cat
Normas de descripción rda
Centro/agencia transcriptor ES-BaIT
080 ## - NÚMERO DE LA CLASIFICACIÓN DECIMAL UNIVERSAL
Número de la Clasificación Decimal Universal 849.9-2"20"
100 1# - ENTRADA PRINCIPAL--NOMBRE DE PERSONA
Nombre de persona Tejedor, Àlex,
Término indicativo de función/relación autor
9 (RLIN) 167751
245 10 - MENCIÓN DE TÍTULO
Título Pell de sargantana /
Mención de responsabilidad, etc. escrita per Àlex Tejedor ; basada en una idea creada per Rodo Gener & Àlex Tejedor
264 #1 - PRODUCCIÓN, PUBLICACIÓN, DISTRIBUCIÓN, FABRICACIÓN Y COPYRIGHT
Producción, publicación, distribución, fabricación y copyright Palma de Mallorca :
Nombre del de productor, editor, distribuidor, fabricante Edicions Documenta Balear,
Fecha de producción, publicación, distribución, fabricación o copyright [2023]
300 ## - DESCRIPCIÓN FÍSICA
Extensión 70 pàgines ;
Dimensiones 21 cm
336 ## - TIPO DE CONTENIDO
Término de tipo de contenido text
Código de tipo de contenido txt
Fuente rdacontent
337 ## - TIPO DE MEDIO
Nombre/término del tipo de medio sense mediació
Código del tipo de medio n
Fuente rdamedia
338 ## - TIPO DE SOPORTE
Nombre/término del tipo de soporte volum
Código del tipo de soporte nc
Fuente rdacarrier
490 1# - MENCIÓN DE SERIE
Mención de serie Magatzem Can Toni. Teatre
490 1# - MENCIÓN DE SERIE
Mención de serie Teatre Principal de texts dramàtics
500 ## - NOTA GENERAL
Nota general P4: D2, H2
520 ## - SUMARIO, ETC.
Sumario, etc. "Gerard, un solitari marxant d'art que viu a la seva luxosa mansió al mig del camp i rodejat de les darreres tecnologies digitals, rep la visita nocturna d'Amanda, una atractiva jove amb qui té una reunió en privat. Aquella mateixa nit es presenta a la casa Esteban, un home intrigant que no ha estat convidat i que obliga els personatges a desvetllar la seva vertadera pell" -- Contracoberta
830 ## - PUNTO DE ACCESO ADICIONAL DE SERIE-TÍTULO UNIFORME
Título uniforme Magatzem can Toni
9 (RLIN) 88046
830 #0 - PUNTO DE ACCESO ADICIONAL DE SERIE-TÍTULO UNIFORME
Título uniforme Col·lecció Teatre Principal de texts dramàtics
9 (RLIN) 157024
908 ## - COLOCAR PARÁMETRO DE COMANDO (RLIN)
Colocar parámetro de comando CDMAE
940 ## - EQUIVALENCIA O REFERENCIA-CRUZADA--TÍTULO UNIFORME [OBSOLETO] [solamente CAN/MARC]
Título uniforme <a href="CVA2">CVA2</a>
942 ## - ELEMENTOS DE ENTRADA AGREGADA (KOHA)
Fuente del sistema de clasificación o colocación Clasificación decimal universal
Tipo de ítem Koha Llibre
Holdings
Estado de retiro Estado de pérdida Fuente del sistema de clasificación o colocación Estado dañado No para préstamo Localización permanente Ubicación/localización actual Ubicación en estantería Fecha de adquisición Fuente de adquisición Total de préstamos Signatura topográfica completa Código de barras Fecha visto por última vez Precio válido a partir de Tipo de ítem Koha
    Clasificación decimal universal     Biblioteca Barcelona Biblioteca Barcelona BCN Lliure Accés 04/11/2025 Compra   849 TEJ pel 1900089428 04/11/2025 04/11/2025 Llibre
    Clasificación decimal universal     Biblioteca Vic Biblioteca Barcelona OSONA-Vic 04/11/2025 Compra   849 TEJ pel 1900089430 04/11/2025 04/11/2025 Llibre
    Clasificación decimal universal     Biblioteca Terrassa Biblioteca Terrassa VALLÈS-J.Oliver 04/11/2025 Compra   849 TEJ pel 1900089429 20/02/2026 04/11/2025 Llibre

Powered by Koha